|
|
|
|
| LEADER |
00914nam a22002413 4500 |
| 001 |
c000212343 |
| 003 |
CARM |
| 005 |
19990708101007.0 |
| 008 |
990311n xx 000 0 und d |
| 019 |
1 |
|
|a 14594660
|5 LACONCORD2021
|
| 020 |
|
|
|a 2851814125
|
| 035 |
|
|
|a (OCoLC)222478410
|5 LACONCORD2021
|
| 040 |
|
|
|a NUN
|b eng
|c NUN
|
| 100 |
1 |
|
|a Vinaver, Michel,
|d 1927-
|
| 245 |
0 |
0 |
|a Écrits sur le théâtre, 1 /
|c Michel Vinaver ; réunis et présentés par Michelle Henry.
|
| 260 |
|
|
|a Paris :
|b L' Arche,
|c 1998.
|
| 300 |
|
|
|a 322 p.
|
| 600 |
1 |
0 |
|a Vinaver, Michel,
|d 1927-
|x Stage history.
|
| 650 |
|
0 |
|a Theater
|z France
|z Paris
|x History
|y 20th century.
|
| 700 |
1 |
|
|a Henry, Michelle.
|
| 852 |
8 |
|
|b CARM
|h A2:AN26A0
|i A03320
|p 0297059
|f BK
|
| 999 |
f |
f |
|i facdb16d-0cae-5cf7-9fdf-7eb8c7ba2325
|s af157380-21bf-5003-a1f4-ba0d69d61921
|
| 952 |
f |
f |
|p Can circulate
|a CAVAL
|b CAVAL
|c CAVAL
|d CARM 1 Store
|e A03320
|f A2:AN26A0
|h Other scheme
|i book
|m 0297059
|